Statistics for Countries of the Middle East - Shape Quiz

Click here to take the quiz!

General Stats

  • This quiz has been taken 1,359 times
  • The average score is 13 of 16

Answer Stats

Answer% Correct
Egypt
97%
Turkey
91%
Cyprus
90%
Israel
88%
Iraq
86%
Jordan
83%
Oman
82%
Yemen
81%
Iran
78%
Saudi Arabia
77%
Syria
74%
United Arab Emirates
73%
Kuwait
72%
Qatar
72%
Bahrain
68%
Lebanon
67%

Score Distribution

Percentile by Number Answered

Percent of People with Each Score

Your Score History

You have not taken this quiz